000
00287 a2200121 4500
001
49171
040
_c
Anchieta - Bela Vista
240
1
0
_a
Look and Say first shapes
_l
eng
245
1
0
_a
Look and Say first shapes
362
0
_a
2012
650
4
_a
Literatura infantil em inglês
942
_c
BK
999
_c
49171
_d
49171